000 00750nam a22002177a 4500
005 20211018100141.0
008 190912b sp ||||| |||| 00| 0 spa d
020 _a9788491800804
050 0 4 _aHQ784.I58
_bF74 2018
100 1 _aFreire Sánchez, Alfonso.
245 1 3 _aLa nueva narrativa transmedia de la generación Google Kids
_c/ Alfonso Freire Sánchez ; prólogo de Rebeca Pardo.
250 _a1a ed.
260 _aBarcelona, España :
_bUOC (Universitat Oberta de Catalunya),
_c2018.
300 _a90 p. ;
_c21 cm
490 _aManuales (Comunicación) ;
_v554
504 _aIncluye bibliografía.
650 7 _2lemb
_aInternet y niños
650 4 _aNarrativa transmedia
700 1 _aPardo, Rebeca,
_eprologuista
942 _2lcc
_cLIB
999 _c151234
_d151232